[Event "ESP-ch U12 Rapid"]
[Site "Salobrena"]
[Date "2022.07.17"]
[Round "7"]
[White "Rodriguez Claes, Adrian"]
[Black "Garcia Rodriguez, Laia"]
[Result "0-1"]
[WhiteElo "1323"]
[BlackElo "1504"]
[PlyCount "120"]
[EventDate "2022.07.09"]
[EventType "swiss (rapid)"]
[EventRounds "9"]
[EventCountry "ESP"]
[SourceTitle "EXT 2023"]
[Source "ChessBase"]
[SourceDate "2022.10.05"]
[SourceVersion "1"]
[SourceVersionDate "2022.10.05"]
[SourceQuality "1"]

1. d4 d5 2. c4 c6 3. Nc3 Nf6 4. e3 e6 5. Nf3 Nbd7 6. Bd3 dxc4 7. Bxc4 b5 8. Bd3 Bb7 9. 0-0 Be7 10. e4 a6 11. e5 Nd5 12. Nxd5 cxd5 13. Bf4 0-0 14. Qc2 h6 15. Qd2 h5 16. Ng5 Bxg5 17. Bxg5 f6 18. exf6 Nxf6 19. Qe2 Qe8 20. Rfe1 Bc8 21. Bc2 Qf7 22. Bxf6 Qxf6 23. Rf1 Qg5 24. Qd3 Qh6 25. Qg6 Qxg6 26. Bxg6 h4 27. Rfe1 Rf6 28. Bh5 g6 29. Bg4 Kg7 30. Re3 Rf4 31. Bxe6 Bxe6 32. Rxe6 Rxd4 33. Re2 Rd8 34. Kf1 Rc4 35. Rd1 d4 36. Red2 Kf6 37. Ke2 Ke5 38. Kf3 Rf8+ 39. Ke2 g5 40. f3 Rd8 41. Rd3 Rc2+ 42. R1d2 Rc1 43. Rd1 Rxd1 44. Kxd1 Kd5 45. b3 a5 46. a3 a4 47. Kc2 Rc8+ 48. Kb2 Re8 49. Rd2 Re3 50. bxa4 bxa4 51. h3 Kc4 52. Rd1 Re2+ 53. Kb1 Rxg2 54. Rc1+ Kb3 55. Rd1 Rf2 56. Rd3+ Kc4 57. Rd1 Rxf3 58. Kc2 Rxh3 59. Rg1 Rg3 60. Rc1 Rc3+ 0-1

[Event "ESP-ch U12 Rapid"]
[Site "Salobrena"]
[Date "2022.07.16"]
[Round "2"]
[White "Uber Gracia, Hugo"]
[Black "Rodriguez Claes, Adrian"]
[Result "1-0"]
[WhiteElo "1813"]
[BlackElo "1323"]
[PlyCount "69"]
[EventDate "2022.07.09"]
[EventType "swiss (rapid)"]
[EventRounds "9"]
[EventCountry "ESP"]
[SourceTitle "EXT 2023"]
[Source "ChessBase"]
[SourceDate "2022.10.05"]
[SourceVersion "1"]
[SourceVersionDate "2022.10.05"]
[SourceQuality "1"]

1. e4 c5 2. Nf3 d6 3. d4 cxd4 4. Qxd4 e5 5. Qe3 Nf6 6. Be2 Be6 7. 0-0 Be7 8. Rd1 0-0 9. Nxe5 Qc7 10. Nd3 d5 11. exd5 Nxd5 12. Qd2 Bd6 13. h3 Nc6 14. Nc3 Nxc3 15. bxc3 Rad8 16. Qe3 Rfe8 17. Qg5 Ne5 18. Bf4 Nxd3 19. Bxd6 Rxd6 20. Bxd3 Qxc3 21. Rab1 b6 22. Bxh7+ Kxh7 23. Rxd6 Qxc2 24. Qh5+ Kg8 25. Rbd1 Qxa2 26. Rd8 Qa4 27. Qg5 f6 28. Qg3 Kf7 29. Qc7+ Re7 30. Qb8 Re8 31. Rxe8 Qxd1+ 32. Kh2 a5 33. Rf8+ Kg6 34. Qg3+ Kh6 35. Rh8# 1-0

[Event "Madrid-ch U12"]
[Site "Madrid"]
[Date "2022.04.03"]
[Round "2"]
[White "Herraiz Ciudad, Miguel"]
[Black "Rodriguez Claes, Adrian"]
[Result "1/2-1/2"]
[WhiteElo "1426"]
[BlackElo "1430"]
[PlyCount "132"]
[EventDate "2022.04.02"]
[EventType "swiss"]
[EventRounds "6"]
[EventCountry "ESP"]
[SourceTitle "EXT 2024"]
[Source "ChessBase"]
[SourceDate "2023.10.10"]
[SourceVersion "1"]
[SourceVersionDate "2023.10.10"]
[SourceQuality "1"]

1. e4 c5 2. c3 Nf6 3. e5 Nd5 4. Nf3 e6 5. Be2 d6 6. d4 b6 7. 0-0 Nc6 8. c4 Nc7 9. Re1 cxd4 10. Nxd4 Nxe5 11. Bf3 Nxf3+ 12. Qxf3 Bd7 13. Nc3 Be7 14. Qg3 0-0 15. Be3 e5 16. Nc2 Ne6 17. h3 Bh4 18. Qh2 Bc6 19. Nb4 Bb7 20. Nbd5 Rc8 21. b3 Nc7 22. Red1 Bg5 23. Bxg5 Qxg5 24. Nxc7 Rxc7 25. Nb5 Rd7 26. Nxa7 Rfd8 27. Nb5 d5 28. Qg3 Qxg3 29. fxg3 dxc4 30. Rxd7 Rxd7 31. bxc4 Rd2 32. a4 Rxg2+ 33. Kf1 Rh2 34. Ra3 Rxh3 35. Re3 e4 36. Nd6 Bc6 37. Nxe4 Bxa4 38. Nc3 Bc6 39. Nd5 Rh1+ 40. Kf2 Kf8 41. Nxb6 Rb1 42. Nc8 Rb2+ 43. Re2 Rxe2+ 44. Kxe2 Bb7 45. Nd6 Ba6 46. Ke3 Ke7 47. c5 Ke6 48. Kf4 f6 49. Ke4 g6 50. g4 Bf1 51. Kf4 Kd5 52. Ne8 Ke6 53. Nd6 g5+ 54. Kg3 Bd3 55. Kf3 Bc2 56. Kg3 Ba4 57. Kf3 Bc6+ 58. Ke3 Ke5 59. Nf5 Kd5 60. Ng3 Be8 61. Ne4 Ke6 62. Ng3 Kd5 63. Ne4 Bg6 64. Nxf6+ Kxc5 65. Ne4+ Kd5 66. Nxg5 h6 1/2-1/2

[Event "Madrid-ch U12"]
[Site "Madrid"]
[Date "2022.04.02"]
[Round "1"]
[White "Rodriguez Claes, Adrian"]
[Black "Collado Perez, Marcos"]
[Result "1/2-1/2"]
[WhiteElo "1430"]
[BlackElo "1118"]
[PlyCount "57"]
[EventDate "2022.04.02"]
[EventType "swiss"]
[EventRounds "6"]
[EventCountry "ESP"]
[SourceTitle "EXT 2024"]
[Source "ChessBase"]
[SourceDate "2023.10.10"]
[SourceVersion "1"]
[SourceVersionDate "2023.10.10"]
[SourceQuality "1"]

1. e4 c5 2. Nf3 Nc6 3. d4 cxd4 4. Nxd4 g6 5. c4 Bg7 6. Be3 d6 7. Nc3 Nf6 8. Be2 0-0 9. 0-0 Bd7 10. Bf3 Ne5 11. Be2 Rc8 12. b3 a6 13. f4 Nc6 14. Bf3 Nxd4 15. Bxd4 Bc6 16. e5 dxe5 17. fxe5 Nd7 18. Nd5 Nxe5 19. Bxe5 Bxe5 20. Re1 Bxd5 21. Rxe5 Bxf3 22. gxf3 Qb6+ 23. Kg2 Rfd8 24. Qe1 e6 25. Re2 Rd3 26. Rd1 Rcd8 27. Red2 Rxd2+ 28. Rxd2 Rxd2+ 29. Qxd2 1/2-1/2

[Event "San Sebastian Constitucion op"]
[Site "San Sebastian de los Reyes"]
[Date "2021.12.06"]
[Round "3"]
[White "Rodriguez Claes, Adrian"]
[Black "Alvarez Gonzalez, Eduardo"]
[Result "0-1"]
[WhiteElo "1357"]
[BlackElo "1732"]
[PlyCount "138"]
[EventDate "2021.12.04"]
[EventType "swiss"]
[EventRounds "8"]
[EventCountry "ESP"]
[SourceTitle "CBM 206 Extra"]
[Source "ChessBase"]
[SourceDate "2022.03.31"]
[SourceVersion "1"]
[SourceVersionDate "2022.03.31"]
[SourceQuality "1"]

1. d4 Nf6 2. Nf3 e6 3. Bf4 b6 4. e3 Bb7 5. h3 c5 6. c3 Be7 7. Nbd2 0-0 8. Bd3 Nc6 9. 0-0 Rc8 10. Rc1 cxd4 11. exd4 d6 12. Qe2 Re8 13. Ne4 Qd7 14. Nfg5 Nxe4 15. Qxe4 g6 16. Rcd1 Nb4 17. Qe3 Nxd3 18. Qxd3 Bd5 19. b3 b5 20. Rc1 Qc6 21. f3 Kg7 22. Rf2 Rc7 23. Ne4 Rec8 24. Rfc2 Qb6 25. Qe3 e5 26. dxe5 Qxe3+ 27. Bxe3 Bxe4 28. fxe4 dxe5 29. Kf2 a6 30. c4 Ba3 31. Rb1 bxc4 32. b4 Rb7 33. Bd2 a5 34. b5 a4 35. Bb4 Bxb4 36. Rxb4 a3 37. Rc3 Rc5 38. Rcxc4 Rxc4 39. Rxc4 Rxb5 40. Ra4 Rb2+ 41. Kg3 Rxa2 42. Ra5 Kf6 43. Ra6+ Kg7 44. Ra5 f6 45. Ra7+ Kh6 46. Ra6 Re2 47. Kf3 Ra2 48. Rxf6 Rb2 49. Ra6 a2 50. Kg3 Kg5 51. Ra5 Rb3+ 52. Kf2 Kf4 53. Rxa2 Kxe4 54. Ke2 h5 55. Ra4+ Kf5 56. Ra2 g5 57. Kf2 h4 58. Ke2 Kf4 59. Kf2 e4 60. Re2 Rc3 61. Rb2 Ra3 62. Re2 Rd3 63. Rb2 e3+ 64. Kg1 Kg3 65. Kf1 Rd1+ 66. Ke2 Rd2+ 67. Rxd2 exd2 68. Kxd2 Kxg2 69. Ke2 Kxh3 0-1

[Event "ESP-ch U10"]
[Site "Salobrena"]
[Date "2021.07.03"]
[Round "9"]
[White "Rodriguez Claes, Adrian"]
[Black "Bocos Delgado, Jon"]
[Result "0-1"]
[WhiteElo "1321"]
[BlackElo "1380"]
[PlyCount "104"]
[EventDate "2021.06.28"]
[EventType "swiss"]
[EventRounds "9"]
[EventCountry "ESP"]
[SourceTitle "EXT 2022"]
[Source "ChessBase"]
[SourceDate "2021.10.06"]
[SourceVersion "1"]
[SourceVersionDate "2021.10.06"]
[SourceQuality "1"]

1. e4 e6 2. d4 d5 3. e5 c5 4. c3 Nc6 5. Nf3 Bd7 6. Be2 f6 7. 0-0 fxe5 8. Nxe5 Nxe5 9. dxe5 Qc7 10. c4 d4 11. Re1 g6 12. Bf4 Nh6 13. Bf3 Nf7 14. Qe2 0-0-0 15. Nd2 h5 16. Nb3 Bc6 17. Bxc6 Qxc6 18. Qe4 Qxe4 19. Rxe4 b6 20. a4 Bh6 21. Bxh6 Nxh6 22. a5 Nf5 23. Re2 Kb7 24. Rd2 Ne7 25. Nc1 Nc6 26. a6+ Kc7 27. Nd3 Rhf8 28. h4 Na5 29. Ra4 Rb8 30. b4 Nxc4 31. Rc2 b5 32. Ra1 cxb4 33. Nxb4 Rfd8 34. Nd3 Kc6 35. Nf4 d3 36. Rcc1 d2 37. Rcb1 Nb2 38. Rxb2 d1Q+ 39. Rxd1 Rxd1+ 40. Kh2 Rg8 41. Nxe6 Rd5 42. Re2 Re8 43. Rc2+ Kb6 44. Nc7 Rexe5 45. Nxd5+ Rxd5 46. Re2 Rd6 47. Ra2 b4 48. Kg3 Kb5 49. Kf3 Rxa6 50. Rb2 Kc4 51. Ke3 Kc3 52. Rd2 Re6+ 0-1

[Event "ESP-ch U10"]
[Site "Salobrena"]
[Date "2021.07.02"]
[Round "8"]
[White "Lopez Martinez, Jaime"]
[Black "Rodriguez Claes, Adrian"]
[Result "0-1"]
[WhiteElo "1285"]
[BlackElo "1321"]
[PlyCount "58"]
[EventDate "2021.06.28"]
[EventType "swiss"]
[EventRounds "9"]
[EventCountry "ESP"]
[SourceTitle "EXT 2022"]
[Source "ChessBase"]
[SourceDate "2021.10.06"]
[SourceVersion "1"]
[SourceVersionDate "2021.10.06"]
[SourceQuality "1"]

1. e4 c5 2. Nf3 d6 3. d4 cxd4 4. Nxd4 Nf6 5. Nc3 a6 6. Bg5 e6 7. Bc4 Nbd7 8. Qd2 b5 9. Bb3 Nc5 10. 0-0 Nfxe4 11. Bxd8 Nxd2 12. Rfd1 Ndxb3 13. axb3 Kxd8 14. Ndxb5 d5 15. Nd4 Bb7 16. Nf3 Bd6 17. b4 Nd7 18. b5 Ke7 19. Re1 Nf6 20. Nd4 axb5 21. Rxa8 Rxa8 22. Ncxb5 g6 23. g3 Ra2 24. f4 Bc5 25. Kg2 Rxb2 26. f5 gxf5 27. Nxf5+ Kf8 28. Nfd4 Ba6 29. Nc7 Bxd4 0-1

[Event "ESP-ch U10"]
[Site "Salobrena"]
[Date "2021.07.01"]
[Round "6"]
[White "Odriozola Coscolin, Dani"]
[Black "Rodriguez Claes, Adrian"]
[Result "0-1"]
[WhiteElo "1181"]
[BlackElo "1321"]
[PlyCount "110"]
[EventDate "2021.06.28"]
[EventType "swiss"]
[EventRounds "9"]
[EventCountry "ESP"]
[SourceTitle "EXT 2022"]
[Source "ChessBase"]
[SourceDate "2021.10.06"]
[SourceVersion "1"]
[SourceVersionDate "2021.10.06"]
[SourceQuality "1"]

1. e4 c5 2. Nc3 d6 3. f4 g6 4. Nf3 Bg7 5. Bc4 Bd7 6. 0-0 Nc6 7. d3 e6 8. Qe1 Nge7 9. a3 0-0 10. Qh4 a6 11. f5 exf5 12. Bg5 Re8 13. Bh6 fxe4 14. Bxf7+ Kxf7 15. Ng5+ Kg8 16. Bxg7 h5 17. Qf4 Nf5 18. dxe4 Kxg7 19. exf5 Bxf5 20. Nf3 Rf8 21. Qd2 Bg4 22. Ng5 Nd4 23. Rae1 Nxc2 24. Re4 Rxf1+ 25. Kxf1 Qf6+ 26. Rf4 Qe5 27. Re4 Rf8+ 28. Kg1 Qf6 29. h3 Bf5 30. Re2 Qd4+ 31. Qxd4+ Nxd4 32. Rd2 h4 33. Nge4 Rd8 34. Rf2 b6 35. Ng5 Re8 36. Kh2 Rf8 37. Nd5 b5 38. g3 hxg3+ 39. Kxg3 Bc8 40. Rxf8 Kxf8 41. h4 Nf5+ 42. Kf4 Nxh4 43. Ne4 Nf5 44. Kg5 Bb7 45. Ndf6 Bxe4 46. Nxe4 Kf7 47. Kf4 Ke6 48. Nc3 Ne7 49. Ne4 Kd5 50. Ke3 b4 51. a4 Nc8 52. b3 c4 53. Nf6+ Ke6 54. Ne4 cxb3 55. Ke2 Ke5 0-1

[Event "Madrid-ch U10"]
[Site "Madrid"]
[Date "2021.04.24"]
[Round "4"]
[White "Rodriguez Claes, Adrian"]
[Black "Ruiz Roldan, Esther"]
[Result "1-0"]
[WhiteElo "1320"]
[BlackElo "1187"]
[PlyCount "39"]
[EventDate "2021.04.17"]
[EventType "swiss"]
[EventRounds "5"]
[EventCountry "ESP"]
[SourceTitle "EXT 2023"]
[Source "ChessBase"]
[SourceDate "2022.10.05"]
[SourceVersion "1"]
[SourceVersionDate "2022.10.05"]
[SourceQuality "1"]

1. e4 c5 2. Nf3 d6 3. d4 cxd4 4. Nxd4 Nf6 5. Nc3 g6 6. Be3 Bg7 7. f3 0-0 8. Bc4 a6 9. Qd2 Re8 10. 0-0-0 Bd7 11. g4 Nxg4 12. fxg4 Bxd4 13. Qxd4 Nc6 14. Qd2 Bxg4 15. Rdf1 Ne5 16. Bb3 Nf3 17. Rxf3 Bxf3 18. Rf1 Bg4 19. Bxf7+ Kf8 20. Bh6# 1-0